LEADER 02126nam 2200553Ka 450 001 9910694811703321 005 20060330110745.0 035 $a(CKB)5470000002365597 035 $a(OCoLC)65337195 035 $a(EXLCZ)995470000002365597 100 $a20060330d2003 ua 0 101 0 $aeng 181 $ctxt$2rdacontent 182 $cc$2rdamedia 183 $acr$2rdacarrier 200 00$aNOAA environmental data$b[electronic resource] $efoundation for Earth observations and data management system 210 1$aWashington, D.C. :$cU.S. Dept. of Commerce, National Oceanic and Atmospheric Administration,$d[2003] 215 $axxiv, 74 pages $cdigital, PDF file 300 $aTitle from title screen (viewed on Mar. 30, 2006). 300 $a"June 2003." 320 $aIncludes bibliographical references. 517 $aNOAA environmental data 606 $aArtificial satellites in earth sciences$zUnited States 606 $aArtificial satellites in oceanography$zUnited States 606 $aClimatic changes$xDetection$zUnited States 606 $aData warehousing$zUnited States 606 $aDatabase management$zUnited States 606 $aEarth sciences$xRemote sensing 606 $aElectronic data processing$zUnited States 606 $aEnvironmental monitoring$zUnited States 606 $aEnvironmental monitoring$zUnited States$xData processing 606 $aSatellite meteorology$zUnited States 615 0$aArtificial satellites in earth sciences 615 0$aArtificial satellites in oceanography 615 0$aClimatic changes$xDetection 615 0$aData warehousing 615 0$aDatabase management 615 0$aEarth sciences$xRemote sensing. 615 0$aElectronic data processing 615 0$aEnvironmental monitoring 615 0$aEnvironmental monitoring$xData processing. 615 0$aSatellite meteorology 712 02$aUnited States.$bNational Oceanic and Atmospheric Administration. 801 0$bGPO 801 1$bGPO 906 $aBOOK 912 $a9910694811703321 996 $aNOAA environmental data$93428199 997 $aUNINA